000 00296nam a22001337a 4500
008 170126b xxu||||| |||| 00| 0 eng d
020 _a9780803603271
041 _aeng
080 _a61
100 _a3
101 _aMED
245 _aMEDICAL TERMINOLOGY SIMPLIFIED
_cGYLYS, B.A
942 _2udc
_cBK
999 _c3797
_d3797